| 000 | 01723nam0a2200361 4500 | ||
|---|---|---|---|
| 001 | RU\NLR\BIBL_A\022708842 | ||
| 005 | 20260211162035.0 | ||
| 010 |
_a978-5-4469-2367-0 _9500 |
||
| 021 |
_aRU _bКН-П-25-073553 _9КН-П-25-7123 |
||
| 035 | _a(NLR Aleph) 022708842 | ||
| 090 |
_a13552834 _c13552834 |
||
| 100 | _a20260126d2025 k y0rusy50 ca | ||
| 101 | 1 |
_arus _cchi |
|
| 102 | _aRU | ||
| 105 | _aa z 010cy | ||
| 181 | 0 |
_ai3 _baxxe |
|
| 182 | 0 | _an | |
| 200 | 1 |
_aОчерк истории экономической мысли КНР: развитие и трансформация экономических теорий (1949-2019) _eмонография _fЧжао Сяолэй _gперевод [с китайского]: Лю Темэй |
|
| 203 |
_aТекст _bвизуальный _cнепосредственный |
||
| 210 |
_aСанкт-Петербург _cНестор-История _d2025 |
||
| 215 |
_a683, [1] с. _cтабл. _d24 |
||
| 300 | _aНа обороте тит. с. в аннот. авт.: Чжао Сяолэй - проф. | ||
| 300 | _aНа 3-й с.: Посвящается 70-летию образования Китайской Народной Республики | ||
| 320 | _aБиблиогр. в подстроч. примеч. | ||
| 320 | _aДр. кн. авт. на обороте тит. с. в аннот. | ||
| 606 | 1 |
_aЭкономические учения _xИстория _yКитайская Народная Республика _2nlr_sh2 _3RU\NLR\AUTH\6601766309 |
|
| 686 | 1 | _aУ02(5Кит)7 | |
| 700 | 0 | _aЧжао Сяолэй | |
| 702 | 0 |
_aЛю Темэй _4730 |
|
| 942 | _cBOOK | ||
| 980 | _aNB | ||